| 000 | 00350nam a22001457a 4500 | ||
|---|---|---|---|
| 020 | _a978-81-312-3889-9 | ||
| 082 | _a617.6342,E15T | ||
| 100 | _aTORABINEJAD,MAHMOUD | ||
| 245 | _aENDODONTICS PRINCIPLES AND PRACTICE. | ||
| 250 | _a5TH | ||
| 260 |
_aST.LOUIS,MISSOURI _bELSEVIER _c2015 |
||
| 300 | _a482 | ||
| 650 | _aCONSERVATIVE | ||
| 942 |
_2ddc _cBK |
||
| 999 |
_c9875 _d9875 |
||